| 000 | 00945cam a2200289 a 4500 | ||
|---|---|---|---|
| 999 |
_c40603 _d40603 |
||
| 001 | 40603 | ||
| 003 | Mx-PuUPA | ||
| 005 | 20210421130124.0 | ||
| 008 | 140415s1989 000 0 spa d | ||
| 020 | _a9706251030 | ||
| 040 |
_aMx-PuUPA _bspa _cMx-PuUPA _dMx-PuUPA _erda |
||
| 041 | 0 | _aspa | |
| 100 | 1 |
_aGómez, Pedro, _eautor _99748 |
|
| 245 | 1 | 0 |
_aMatemática básica / _cpor Pedro Gómez |
| 264 | 4 |
_aMéxico, D.F. : _bGrupo Editorial Iberoamérica, _c©1995 |
|
| 300 |
_a352 páginas : _bilustraciones ; _c23 cm |
||
| 336 |
_atexto _2rdacontent _btxt |
||
| 337 |
_asin medio _2rdamedia _bn |
||
| 338 |
_avolumen _2rdacarrier _bnc |
||
| 500 | _a"La belleza al alcance de lo elemental".--Cubierta | ||
| 650 | 4 | _aMatemáticas | |
| 650 | 4 | _aMatemáticas recreativas | |
| 942 |
_2ddc _cLI _h510 _iG631 |
||